Statistics for Detroit Pistons 20 Points Per Game Players

Click here to take the quiz!

General Stats

  • This quiz has been taken 132 times
    (7 since last reset)
  • The average score is 10 of 19

Answer Stats

#PlayersLast% Correct
8Bob Lanier1979
100%
5Isiah Thomas1987
100%
3Joe Dumars1994
100%
1Richard Hamilton2006
100%
7Dave Bing1973
86%
1Blake Griffin2019
71%
1Cade Cunningham2024
71%
3Jerry Stackhouse2002
71%
2Adrian Dantley1988
57%
5Grant Hill2000
57%
1Jerami Grant2021
57%
4Kelly Tripucka1986
57%
1Bojan Bogdanović2023
29%
3Bailey Howell1964
14%
2Jimmy Walker1972
14%
1Bob McAdoo1980
0%
2Gene Shue1961
0%
3George Yardley1959
0%
1John Long1982
0%

Score Distribution

Percentile by Number Answered

Percent of People with Each Score

Your Score History

You have not taken this quiz since the last reset